1419 1008 1303 1891 1587 1136 1313 1225 1869 1391 1061 1109 1969 1878 1832 1156 1870 1635 1959 1889 1123 1247 1720 1301 1483 1198 1355 1303 1948 1365 1927 1029 1686 1970 1189 1190 1884 1750 1911 1192 1742 1937 1698 1421 1420 1424 1308 1143 1118 1639 1972 1621 1266 1458 1420 1569 1040 1260 1746 1383 1469 1514 1261 1772 1771 1688 1239 1597 1678 1682 1705 1261 1757 1482 1203 1669 1673 1449 1841 1314 1631 1353 1310 1375 1005 1086 1307 1454 1869 1567 1802 1744 1419 1410 1412 1871 1727 1913 1174 BCNSPRNW ULIB Ver.6.0+V

เปลี่ยนเป็นภาษาไทย

Change to English
 แสดงรายละเอียดบรรณานุกรม
  กลับหน้าหลัก

Brief Record : Get Marc (ISO 2709) : E-mail record : QR code < ปิดหน้าต่าง
LEADER : 00000nam 2200000uu 4500
001    13399121122
003     ULIB
008    020711s2552 th a 000 0 tha d
020    ^a9789742127909
090    ^aรส.^bด517T
100    ^aL.Frank Baum
245    ^aมหัศจรรย์พ่อมดแห่งออซ /^cL.Frank Baum
260    ^aกรุงเทพฯ :^bซีเอ็ด,^c2552
300    86 หน้า
500    ชุดอ่านอังกฤษ เก่งอังกฤษ
501    Stage 2
945    ^p89^l0^i028463
999 ^a ทศพร
รายการนี้ยังไม่มีแท็ก
คุณยังไม่ได้ล็อกอิน คุณสามารถมีกิจกรรมร่วมกับเว็บไซต์ได้ แต่ต้องล็อกอินก่อน ::
  ล็อกอิน

รายการสื่อสารสนเทศ

ลำดับที่ ประเภท เลขเรียก/บาร์โค้ด สถานที่ สถานะ
1. วิทยาศาสตร์การแพทย์ และสุขภาพ
วิทยาศาสตร์การแพทย์ และสุขภาพ
รส. ด517T ฉ.1 
  Barcode: 028463
ห้องสมุดวิทยาเขตสวรรค์ประชารักษ์
►หนังสือทั่วไป
บนชั้น

BibComment


ยังไม่เคยถูกคอมเมนท์

คอมเมนท์ทรัพยากรรายการนี้
  คอมเมนท์: มหัศจรรย์พ่อมดแห..

สมาชิกที่บันทึกรายการนี้ไว้ในรายการโปรด
นางสาวนุชศรา พรมชัย

 Copyright 2026. Bcnsprnw @Library